[Event "Helsingor Xtracon op"]
[Site "Helsingor"]
[Date "2018.07.26"]
[Round "7"]
[White "Svane, Frederik"]
[Black "Rasmussen, Lars Garne"]
[Result "1-0"]
[WhiteElo "2266"]
[BlackElo "1995"]
[PlyCount "113"]
[EventDate "2018.07.21"]
[EventType "swiss"]
[EventRounds "10"]
[EventCountry "DEN"]
[SourceTitle "CBM 185 Extra"]
[Source "ChessBase"]
[SourceDate "2018.07.29"]
[SourceVersion "1"]
[SourceVersionDate "2018.07.29"]
[SourceQuality "1"]

1. e4 e5 2. Nf3 Nc6 3. Bb5 a6 4. Ba4 Nf6 5. 0-0 Nxe4 6. d4 b5 7. Bb3 d5 8. dxe5 Be6 9. Nbd2 Nc5 10. c3 Be7 11. Bc2 d4 12. Nb3 d3 13. Bb1 Nxb3 14. axb3 Bf5 15. Be3 Qd5 16. Bd4 0-0 17. Bxd3 Bxd3 18. Qxd3 Qxb3 19. Qe2 Qe6 20. Qe4 Rfe8 21. Rfe1 h6 22. Be3 Bf8 23. Bf4 Bc5 24. Bg3 Ne7 25. Red1 Nf5 26. Rd5 Bb6 27. Rad1 Nd6 28. Qc2 Qf5 29. Qxf5 Nxf5 30. Rd7 Nxg3 31. hxg3 Re6 32. g4 Rae8 33. Rd8 Kf8 34. Kf1 Rxd8 35. Rxd8+ Ke7 36. Ra8 a5 37. Nd4 Bxd4 38. cxd4 a4 39. Ke2 Rc6 40. Kd3 Rc4 41. Rc8 f6 42. f4 Rc1 43. Rb8 fxe5 44. fxe5 c6 45. Rb7+ Kf8 46. Rc7 Rd1+ 47. Ke4 Rd2 48. Rxc6 Rxb2 49. d5 a3 50. d6 a2 51. Kf5 Re2 52. Ra6 b4 53. Ke6 Kg8 54. d7 Rd2 55. Rxa2 Rd4 56. Ra8+ Kh7 57. d8Q 1-0

[Event "Helsingor Xtracon op"]
[Site "Helsingor"]
[Date "2017.07.28"]
[Round "8"]
[White "Rasmussen, Lars Garne"]
[Black "Palozza, Christian"]
[Result "0-1"]
[WhiteElo "1961"]
[BlackElo "2178"]
[PlyCount "72"]
[EventDate "2017.07.22"]
[EventType "swiss"]
[EventRounds "10"]
[EventCountry "DEN"]
[SourceTitle "CBM 179 Extra"]
[Source "ChessBase"]
[SourceDate "2017.08.23"]
[SourceVersion "1"]
[SourceVersionDate "2017.08.23"]
[SourceQuality "1"]

1. e4 c6 2. d4 d5 3. e5 c5 4. dxc5 e6 5. a3 Bxc5 6. b4 Bb6 7. Nf3 Ne7 8. Bd3 Nbc6 9. Bb2 Ng6 10. 0-0 0-0 11. Re1 a6 12. c4 dxc4 13. Bxc4 Qxd1 14. Rxd1 Bc7 15. Re1 b5 16. Bd3 Bb7 17. Nbd2 Nce7 18. Rac1 Bb6 19. Be4 Bxe4 20. Nxe4 Nf4 21. Red1 Ne2+ 22. Kf1 Nxc1 23. Bxc1 Rac8 24. Nd6 Rc2 25. Nd2 Nd5 26. N2e4 Nc3 27. Nxc3 Rxc3 28. Bb2 Rc2 29. Bd4 Bxd4 30. Rxd4 Rc3 31. Rf4 Rxa3 32. Ke2 Rd8 33. g3 f6 34. Nb7 fxe5 35. Nxd8 exf4 36. Nxe6 f3+ 0-1

[Event "Politiken Cup 36th"]
[Site "Helsingor"]
[Date "2014.07.24"]
[Round "5"]
[White "Rasmussen, Lars Garne"]
[Black "Maechel, Michael"]
[Result "1-0"]
[WhiteElo "1984"]
[BlackElo "1718"]
[PlyCount "63"]
[EventDate "2014.07.21"]
[EventType "swiss"]
[EventRounds "10"]
[EventCountry "DEN"]
[SourceTitle "CBM 161 Extra"]
[Source "ChessBase"]
[SourceDate "2014.08.29"]
[SourceVersion "1"]
[SourceVersionDate "2014.08.29"]
[SourceQuality "1"]

1. e4 c5 2. Nf3 d6 3. d4 cxd4 4. Nxd4 Nf6 5. Nc3 g6 6. Be3 Bg7 7. f3 0-0 8. Qd2 Nc6 9. Bc4 Bd7 10. 0-0-0 Rc8 11. Bb3 Ne5 12. g4 b5 13. h4 a5 14. a3 a4 15. Ba2 Qa5 16. Kb1 Rb8 17. Nd5 Qxd2 18. Nxe7+ Kh8 19. Bxd2 Rfe8 20. Nd5 Nxd5 21. Bxd5 Nc4 22. Bf4 Ne5 23. h5 b4 24. axb4 Rxb4 25. c3 Rxd4 26. cxd4 Nxf3 27. Bxf7 Rxe4 28. hxg6 h6 29. Bxh6 Bxh6 30. Rxh6+ Kg7 31. Rh7+ Kf6 32. Bd5 1-0

[Event "Politiken Cup 35th"]
[Site "Helsingor"]
[Date "2013.07.29"]
[Round "4"]
[White "Rasmussen, Lars Garne"]
[Black "Christensen, Janus"]
[Result "0-1"]
[WhiteElo "1977"]
[BlackElo "2156"]
[PlyCount "110"]
[EventDate "2013.07.27"]
[EventType "swiss"]
[EventRounds "10"]
[EventCountry "DEN"]
[SourceTitle "CBM 155 Extra"]
[Source "ChessBase"]
[SourceDate "2013.08.26"]
[SourceVersion "1"]
[SourceVersionDate "2013.08.26"]
[SourceQuality "1"]

1. e4 e5 2. Nf3 Nc6 3. Nc3 Bc5 4. Nxe5 Bxf2+ 5. Kxf2 Nxe5 6. d4 Qf6+ 7. Kg1 Ng4 8. Qd2 Ne7 9. h3 Nh6 10. Qf2 Qg6 11. Bd3 0-0 12. Bf4 d6 13. Qe3 f5 14. Bxh6 gxh6 15. Rf1 Bd7 16. Rf3 Kh8 17. Kh2 Rg8 18. Rg3 Qf6 19. Rxg8+ Rxg8 20. Rf1 Qg7 21. Rf2 Bc6 22. Ne2 fxe4 23. Bxe4 Nf5 24. Qd3 Nxd4 25. Bxc6 Nxc6 26. Qc3 Ne5 27. Qg3 Nc4 28. Qxg7+ Kxg7 29. Rf4 Ne3 30. Rf3 Re8 31. Nd4 Kg6 32. Kg3 a6 33. c3 c5 34. Nb3 Nc4 35. Rf2 Re1 36. Kf4 Rb1 37. Re2 Kf6 38. Nd2 Rxb2 39. Ne4+ Ke7 40. Rxb2 Nxb2 41. Kg4 Nd3 42. Kh5 d5 43. Nd2 Nf4+ 44. Kxh6 Nxg2 45. Kxh7 Kf6 46. c4 dxc4 47. Nxc4 b5 48. Nd2 c4 49. a4 Kf5 50. axb5 axb5 51. Kg7 Kf4 52. Kf6 Ke3 53. Nb1 Kd3 54. Ke5 c3 55. Na3 b4 0-1

[Event "Politiken Cup 34th"]
[Site "Helsingor"]
[Date "2012.08.02"]
[Round "7"]
[White "Rasmussen, Lars Garne"]
[Black "Skou, Niels"]
[Result "1-0"]
[WhiteElo "1957"]
[BlackElo "2150"]
[PlyCount "55"]
[EventDate "2012.07.28"]
[EventType "swiss"]
[EventRounds "10"]
[EventCountry "DEN"]
[SourceTitle "CBM 149 Extra"]
[Source "ChessBase"]
[SourceDate "2012.08.24"]
[SourceVersion "1"]
[SourceVersionDate "2012.08.24"]
[SourceQuality "1"]

1. e4 c5 2. Nf3 d6 3. d4 cxd4 4. Nxd4 Nf6 5. Nc3 a6 6. Be2 e6 7. 0-0 Be7 8. f4 Qc7 9. Kh1 b5 10. e5 Nd5 11. Ndxb5 axb5 12. Nxb5 Qb6 13. exd6 Bf6 14. c4 Ba6 15. cxd5 Bxb5 16. Qb3 0-0 17. dxe6 fxe6 18. Bxb5 Qxd6 19. Bc4 Kh8 20. Be3 Nd7 21. Rad1 Qc7 22. Bxe6 Nc5 23. Rc1 Nxb3 24. Rxc7 Nd4 25. Bxd4 Bxd4 26. Rb7 Rae8 27. Bc4 g5 28. g3 1-0

[Event "Politiken Cup 34th"]
[Site "Helsingor"]
[Date "2012.07.28"]
[Round "1"]
[White "Salgado Lopez, Ivan"]
[Black "Rasmussen, Lars Garne"]
[Result "1-0"]
[WhiteElo "2635"]
[BlackElo "1957"]
[PlyCount "67"]
[EventDate "2012.07.28"]
[EventType "swiss"]
[EventRounds "10"]
[EventCountry "DEN"]
[SourceTitle "CBM 149 Extra"]
[Source "ChessBase"]
[SourceDate "2012.08.24"]
[SourceVersion "1"]
[SourceVersionDate "2012.08.24"]
[SourceQuality "1"]

1. d4 Nf6 2. c4 e6 3. Nc3 Bb4 4. e3 0-0 5. Nge2 d5 6. a3 Be7 7. Nf4 b6 8. cxd5 exd5 9. b4 Re8 10. Be2 Bf8 11. 0-0 Bb7 12. Qb3 a6 13. Bd2 c6 14. a4 b5 15. f3 Nbd7 16. a5 Bd6 17. Bd3 Qc7 18. g3 Nf8 19. e4 dxe4 20. fxe4 Bxf4 21. Bxf4 Qd7 22. Rad1 Ne6 23. Bb1 Bc8 24. e5 Nxd4 25. Qb2 Ng4 26. Ne4 Nf3+ 27. Kh1 Qe7 28. Rxf3 Nxe5 29. Bxe5 Bg4 30. Rf4 Qxe5 31. Qxe5 Rxe5 32. Rxg4 f5 33. Nf6+ Kf7 34. Nd7 1-0

[Event "Koge Bugt Mester"]
[Site "Solrod"]
[Date "1999.10.05"]
[Round "7"]
[White "Rasmussen, Lars Garne"]
[Black "Pedersen, Henrik Dahl"]
[Result "0-1"]
[WhiteElo "1849"]
[BlackElo "2042"]
[PlyCount "172"]
[EventDate "1999.08.24"]
[EventType "tourn"]
[EventRounds "7"]
[EventCountry "DEN"]
[SourceTitle "EXT 2018"]
[Source "ChessBase"]
[SourceDate "2017.10.13"]
[SourceVersion "1"]
[SourceVersionDate "2017.10.13"]
[SourceQuality "1"]

1. d4 Nf6 2. Nf3 e6 3. Bg5 c5 4. e3 b6 5. Nbd2 Bb7 6. Bd3 Nc6 7. c3 d5 8. 0-0 Be7 9. Qa4 0-0 10. Ne5 Nxe5 11. dxe5 Nh5 12. Bxe7 Qxe7 13. Qg4 g6 14. f4 f5 15. Qh3 Rfd8 16. Be2 Ng7 17. Nf3 a5 18. Qh6 Ba6 19. Ng5 Ne8 20. Bxa6 Rxa6 21. Rf3 b5 22. Rh3 Rd7 23. Nf3 b4 24. Nh4 Qg7 25. Qg5 bxc3 26. bxc3 Rb6 27. Rf3 Rdb7 28. Rff1 a4 29. Nf3 Rb2 30. Qd8 Qd7 31. Qxd7 Rxd7 32. Rfb1 Rdb7 33. Nd2 c4 34. Kf1 Nc7 35. Rxb2 Rxb2 36. Rb1 Rxd2 37. Rb8+ Kf7 38. Rb7 Rxa2 39. Rxc7+ Ke8 40. Rxh7 Rc2 41. Ra7 Rxc3 42. Ke2 a3 43. Kd2 Rd3+ 44. Ke2 Rb3 45. Ra6 Kf7 46. Ra7+ Kf8 47. Ra8+ Kg7 48. Ra7+ Kh6 49. h3 Rb2+ 50. Kf3 g5 51. Rxa3 gxf4 52. Kxf4 Rxg2 53. Ra6 Rg6 54. Rc6 Kg7 55. h4 Kf7 56. h5 Rg4+ 57. Kf3 Rh4 58. Rc7+ Kf8 59. Rc8+ Ke7 60. Rc7+ Kd8 61. Rh7 c3 62. Ke2 c2 63. Kd2 Rh2+ 64. Kc1 f4 65. exf4 d4 66. Rg7 d3 67. Rg1 Rxh5 68. Kd2 Rh3 69. Rf1 Kd7 70. Ra1 Kc6 71. f5 exf5 72. e6 Kd6 73. Re1 Ke7 74. Ra1 Kxe6 75. Ra6+ Ke5 76. Ra1 Rf3 77. Re1+ Kd4 78. Rf1 Ke4 79. Re1+ Kf4 80. Rc1 Kg3 81. Rg1+ Kf2 82. Rc1 f4 83. Ra1 Re3 84. Ra4 Re2+ 85. Kxd3 c1Q 86. Rxf4+ Qxf4 0-1